000 00400nam a2200157Ia 4500
008 230917s9999||||xx |||||||||||||| ||und||
040 _e189393
_aMAIN
041 _aEnglish
082 _a658.4033(10) R292Q
100 _aRender, Barry
245 0 _aQuantitative analysis for management
250 _a10th ed.
260 _aNew Delhi
_bDorling Kindersley
_c2009
300 _a744 p.
942 _cBK
999 _c164592
_d164592